| 000 | 00607nam a2200253Ia 4500 | ||
|---|---|---|---|
| 005 | 20260121154103.0 | ||
| 008 | 008 260114s9999 xx 000 0 eng d | ||
| 020 | _a9781003201298 | ||
| 037 | _aEBOOK | ||
| 040 | _aCRL | ||
| 040 | _beng | ||
| 040 | _cCRL | ||
| 041 | _2eng | ||
| 041 | _aeng | ||
| 084 | _qCRL | ||
| 100 |
_a Sophie Pike _91002843 |
||
| 245 | 2 | _aA Recent History of Homicide Investigation | |
| 260 | _bTaylor and Francis | ||
| 260 | _c2023 | ||
| 856 | _uhttp://www.taylorfrancis.com/books/9781003201298 | ||
| 942 | _cEBOOK | ||
| 999 |
_c1569664 _d1569664 |
||